000 00716nam a2200205 i 4500
001 45848
003 ES-MaACL
005 20230906161304.0
007 t|
008 030327s1963 sp ||||1| spa d
100 1 _aCollins, Ralph T.
_939739
245 1 0 _aManual de neurología y psiquiatría en medicina del trabajo /
_cRalph T. Collins ; traducción Rafael Thomas Mendoza.
260 _aMadrid :
_bEspasa-Calpe,
_c1963.
300 _a278 p. :
_bil. ;
_c23 cm.
490 1 _aMonografías de psicología normal y patológica
700 0 _aMendoza, Rafael Thomas.
_980256
830 0 _aMonografías de psicología normal y patológica
_9183327
852 _aES-MaACL
_jC-24606
_bR.53211
999 _c45848
_d45848